• 首页
  • 本馆介绍
  • 公告通知
  • 最新文献
  • 馆藏检索
  • 电子资源
  • 读者导购
  • 参考咨询
  • 我的图书馆
  • 登录
  • 详细信息显示
  • 放入我的书架
  • 预约/预借图书
  • 作者相关作品
  • 分类相关作品
  • 丛书相关作品
  • 出版社相关作品

书目信息

  • 表格格式
  • 工作单格式
  • 卡片格式
题名:
我的细工花日记
    
 
作者: 如虹儿 著
分册:  
出版信息: 南京   江苏凤凰文艺出版社  2018
页数: 183页
开本: 24cm
丛书名:
单 册:
中图分类: J525.12
科图分类:
主题词: 花卉装饰--装饰美术
电子资源:
ISBN: 978-7-5594-3252-0
000 01251nam0 2200229 450
001 2374609344
005 20231218175242.42
010    @a978-7-5594-3252-0@dCNY69.00
100    @a20190508d2018 em y0chiy50 ea
101 0  @achi
102    @aCN@b320000
105    @aa z 000yy
200 1  @a我的细工花日记@Awo de xi gong hua ri ji@f如虹儿著
210    @a南京@c江苏凤凰文艺出版社@d2018
215    @a183页@c照片@d24cm
314    @a如虹儿,本名茆雅凤。手工造花达人,尤其擅长布花制作,作品风格古典、唯美、清新。创作之余,在各网络平台无私分享各种造花技艺,网络粉丝多达数十万。2016年、2018年分别在南京市栖霞区仙林街道“创工坊”和南京市栖霞区文化馆成功举办个人造花作品展。
330    @a本书全面系统地讲解了细工花饰品的制作方法。细工花是起源于日本江户时代的一种手工艺,它主要通过布片的折叠制作形态各异的花瓣,再将花儿组合成各种饰品。本书从细工花的基本制作方法讲起,通过引入12个月、12种颜色、24种世界名花作为经典案例作品,呈现出或清新或优雅或华丽的风格,展现出细工花的多种用途,并配有详细、清晰的花形制作教程,让读者可以轻松地跟着步骤做出专属自己风格的手作花饰品。与日本传统细工造花相比更具有中国古典美意蕴。
606 0  @a花卉装饰@x装饰美术
690    @aJ525.12@v5
701  0 @a如虹儿@Aru hong er@4著
801  0 @aCN@b安徽时代@c20230923
905    @aBZT@dJ525.12@e14
    
    我的细工花日记/如虹儿著.-南京:江苏凤凰文艺出版社,2018
    183页:照片;24cm
    
    
    ISBN 978-7-5594-3252-0:CNY69.00
    本书全面系统地讲解了细工花饰品的制作方法。细工花是起源于日本江户时代的一种手工艺,它主要通过布片的折叠制作形态各异的花瓣,再将花儿组合成各种饰品。本书从细工花的基本制作方法讲起,通过引入12个月、12种颜色、24种世界名花作为经典案例作品,呈现出或清新或优雅或华丽的风格,展现出细工花的多种用途,并配有详细、清晰的花形制作教程,让读者可以轻松地跟着步骤做出专属自己风格的手作花饰品。与日本传统细工造花相比更具有中国古典美意蕴。
●
相关链接 在五车中查询图书 在当当中查询图书 在豆瓣中查询图书


正题名:我的细工花日记     索取号:J525.12/14         预约/预借

序号 登录号 条形码 馆藏地/架位号 状态 备注
1 2000925449   2000925449   第四书库/四35架B面4层6列/ [索取号:J525.12/14] 在馆    
2 2000925450   2000925450   第四书库/四35架B面4层6列/ [索取号:J525.12/14] 在馆    
3 2000925451   2000925451   第四书库/四35架B面4层6列/ [索取号:J525.12/14] 在馆    
4 2000925452   2000925452   第四书库/四35架B面4层6列/ [索取号:J525.12/14] 在馆    
5 2000925453   2000925453   第四书库/四35架B面4层6列/ [索取号:J525.12/14] 在馆    
6 2000925454   2000925454   第四书库/四35架B面4层6列/ [索取号:J525.12/14] 在馆    
山东省滨州职业学院图书馆 欢迎您!
大连网信软件有限公司© 版权所有